000 00769nam a2200229 u 4500
005 20240528063652.0
008 160210s2009 r 000 0 eng d
020 _a9786074040562
035 _aUPN01000208109
049 _aI
050 4 _aQC981.3
_bM6.2
100 1 _aMogil, H. Michael
_938409
245 1 0 _aClima extremo /
_cH. Michael Mogil, Barbara G. Levine ; Christer Eriksson ; tr. de Adriana de la Torre Fernández.
260 _aMéxico :
_bSilver Dolphin,
_c2009.
300 _a64 p. :
_bil.
440 0 _aClima extremo
534 _pTítulo original :
_tInsiders extreme weather
650 4 _aCLIMA -
_vLITERATURA JUVENIL
_912491
650 4 _aClimatología
_vLiteratura infantil
_911159
700 1 _aLevine, Barbara G.,
_ecoaut.
905 _aInfantil
999 _c180210
_d180210